000 02119nam a2200289 i 4500
005 20250329165507.0
007 ta
008 200622s2021 000 0 eng d
040 _aCO-CtgCURN
_bspa
_ccoctgcurn
_erda
082 0 _aTCS 2021
_bA693
100 1 _aArgota Baldovino, Angie Paola,
_eauthor.
_4aut
245 1 3 _aLa contabilidad gerencial como herramienta estratégica para la toma decisiones en las empresas /
_cAngie Paola Argota Baldovino; Tony Orlando Cervantes Mangones; asesor José Castro Hernández.
260 _aCartagena de Indias :
_bCorporación Universitaria Rafael Núñez,
_c2021.
260 4 _c©2021.
300 _a27 hojas.
336 _atext
_btxt
_2rdacontent
337 _aunmediated
_bn
_2rdamedia
338 _avolume
_bnc
_2rdacarrier
502 _aTrabajo de grado (Tecnologo en contabilidad sistematizada). Corporación Universitaria Rafael Núñez. Facultad de Ciencias Administrativas y Contables. Programa de Tecnología en Contabilidad Sistematizada, 2021.
520 8 _a"El objetivo principal de este proyecto de investigación, es ver la contabilidad como herramienta para el mejoramiento en la toma de decisiones en las empresas, ayudando así a la organización y a su desempeño. Es preciso conocer este concepto con ayuda de los objetivos específicos porque nos ayudan al análisis, la veracidad y la importancia de este proyecto que ayudan a organizar e implementar la contabilidad gerencial como algo esencial en las estrategias para el desempeño que quieren llevar a cabo las mismas, lo cual permite conocer el concepto y la transcendencia de este, de igual manera a la hora de aplicarlo."
650 0 _aContabilidad sistematizada
_xTesis y disertaciones académicas.
700 1 _aCervantes Mangones, Tony Orlando.
700 1 _aCastro Hernández, José,
_easesor.
856 7 _uhttps://unicurn.sharepoint.com/:b:/s/biblioteca/ER7tBa---U5Envp7iBJFYNsBT7RBPq_VBzq1EUk5gzXelA?e=Qo1yjp
_zClick aqui para ver el recurso en texto completo
942 _cTG
_hTCS 2021
_iA693
_aMHC
_bMHC
_2ddc
999 _c5828
_d5828